000 00704nam a2200229Ia 4500
003 OSt
005 20260116141401.0
008 210716s2008 xx 000 0 und d
020 _a9788120314467
040 _cAIMIT LIBRARY
041 _aeng
082 _a006.6
_21
_bMUKD
100 _aMukherjee, Dipti Prasad.
_9251466
245 _aFundamentals of graphics and multimedia /
_cBy Dipti Prasad Mukherjee.
250 _a1st ed.
260 _aNew Delhi :
_bPrentice Hall of India PVt Ltd ,
_c2008.
300 _ax,182p. ;
_bPB
_c24.4 cm
650 _aDrawing geometry
_9251467
650 _aGraphic operations
_9251468
650 _aTweening and morphing
_9251469
942 _2ddc
_cBK
_e1st
_k006.6 MUKD
999 _c189182
_d189182